000 01581nam a2200325 c 4500
003 BLK
005 20201020164834.0
008 180409b bul|||||r ||||||| ||bul||
010 _aKNG00140460000
040 _aBLK
041 _aBUL
_cBUL
080 _aСхоластична философия. Терминизъм. Концептуализъм. Неосхоластицизъм. Философска антропология
_b141.31
_x
_z141.31
100 1 _aШелер, Макс
_eпърви автор
_9324452
700 1 _aКилева, Ренета Д.
_eпрев. от нем.
_9324453
139 _aШелер, Макс
_bШ 51
245 1 0 _aМястото на човека в космоса
_bИзследване
_cМакс Шелер; прев. от нем. Ренета Д. Килева.
257 _aDEU
260 София ; Плевен
_bЕвразия
_bАбагар
_c1991
300 _a104 с.
_c20 см
380 _a1
490 1 _aБиблиотека Съвременни философи
_v№ 3
500 _aОриг. загл. Die Stellung des Menschen im Kosmos / Max Scheler. - Съдържа и Шелер : Метафизика на духа и порива / Пл. Градинаров.
650 4 _aАнтропология, философска
_9252429
653 _aфилософска антропология
852 _aЦб 167390
856 4 _qpdf
_u
856 4 _qpdf
_u
942 _cKNG
_n0
_01
944 _aCR
_c07.03.2013
_l07.03.2013 - от С1,Р / 07.03.2013
_kДиана_Димитрова
944 _aED
_c07.03.2013
_l07.03.2013 - от С1,Р / 07.03.2013
_k
999 _c134546
_d134546